<?xml version="1.0" encoding="UTF-8"?>
<collection xmlns="http://www.loc.gov/MARC21/slim">
  <record>
    <leader>00000nam  2200000   4500</leader>
    <controlfield tag="001">000154</controlfield>
    <datafield tag="020" ind1=" " ind2=" ">
      <subfield code="9">789792499056</subfield>
    </datafield>
    <datafield tag="082" ind1=" " ind2=" ">
      <subfield code="6">41.500</subfield>
    </datafield>
    <datafield tag="100" ind1=" " ind2=" ">
      <subfield code="L">isa Esti PH</subfield>
    </datafield>
    <datafield tag="245" ind1=" " ind2=" ">
      <subfield code="M">enu favorit sehat bergizi 30 menit sarapan pagi berbahan nasi</subfield>
    </datafield>
    <datafield tag="250" ind1=" " ind2=" ">
      <subfield code="C">etakan I</subfield>
    </datafield>
    <datafield tag="264" ind1=" " ind2=" ">
      <subfield code="Y">ogyakarta: Pustaka Anggrek 2022</subfield>
    </datafield>
    <datafield tag="300" ind1=" " ind2=" ">
      <subfield code="2">8 halaman; 14 x 20,5 cm</subfield>
    </datafield>
    <datafield tag="650" ind1=" " ind2=" ">
      <subfield code="M">akanan</subfield>
    </datafield>
    <datafield tag="905" ind1=" " ind2=" ">
      <subfield code="6">41.5 LIS m</subfield>
    </datafield>
    <datafield tag="336" ind1=" " ind2=" ">
      <subfield code="a"/>
    </datafield>
    <datafield tag="337" ind1=" " ind2=" ">
      <subfield code="a"/>
    </datafield>
    <datafield tag="338" ind1=" " ind2=" ">
      <subfield code="a"/>
    </datafield>
    <controlfield tag="005">20260702151432.0</controlfield>
    <controlfield tag="008">260702s2026\\\\\\\\\\\\\\\\\\\\\\\\\\\\\\\\\\\\\\\\\</controlfield>
  </record>
</collection>
